000 00453nam a2200157 i 4500
001 90320
003 ES-MaACL
005 20230906180418.0
007 t|
008 050119s1968 sp ||||1| spa d
245 0 0 _aLegislación farmacéutica española /
_cJosé Elías Trullenque Puga.
260 _aMadrid :
_b[s.n.,
_c1968]
300 _a151 p. ;
_c21 cm.
700 1 _aTrullenque Puga, José Elías.
_9111588
852 _aES-MaACL
_jC-36986
_bR.65847
999 _c90320
_d90320